书目信息 |
| 题名: |
中华人民共和国食品安全法
|
|
| 作者: | ;中国法制出版社 编 | |
| 分册: | ||
| 出版信息: | 北京 中国法制出版社 2016 |
|
| 页数: | 173页 | |
| 开本: | 21cm | |
| 丛书名: | 法律法规案例注释版系列 | |
| 单 册: | ||
| 中图分类: | D922.165 | |
| 科图分类: | ||
| 主题词: | 食品卫生法--shi pin wei sheng fa--案例--中国 | |
| 电子资源: | ||
| ISBN: | 978-7-5093-6819-0 | |
| 000 | 01027nam0 22002651 450 | |
| 001 | 0116132738 | |
| 005 | 20161219100531.35 | |
| 010 | @a978-7-5093-6819-0@dCNY18.00 | |
| 100 | @a20160104d2016 em y0chiy50 ea | |
| 101 | 0 | @achi |
| 102 | @aCN@b110000 | |
| 105 | @ay zn 000yy | |
| 106 | @ar | |
| 200 | 1 | @a中华人民共和国食品安全法@9zhong hua ren min gong he guo shi pin an quan fa@e案例注释版@f中国法制出版社编 |
| 205 | @a3版 | |
| 210 | @a北京@c中国法制出版社@d2016 | |
| 215 | @a173页@d21cm | |
| 225 | 2 | @a法律法规案例注释版系列@9fa lv fa gui an li zhu shi ban xi lie@e第三版@v6 |
| 330 | @a本书解析了中华人民共和国食品安全法法条,内容涉及食品安全风险监测和评估、食品安全标准、食品生产经营、食品检验、食品进出口、食品安全事故处置等。 | |
| 461 | 0 | @12001 @a法律法规案例注释版系列@e第三版@v6 |
| 606 | 0 | @a食品卫生法@9shi pin wei sheng fa@x案例@y中国 |
| 690 | @aD922.165@v5 | |
| 711 | 02 | @a中国法制出版社@9zhong guo fa zhi chu ban she@4编 |
| 801 | 0 | @aCN@bTANGWEI@c20160820 |
| 905 | @b0952684-8@dD922.165@e1523=3@f5 | |
| 中华人民共和国食品安全法:案例注释版/中国法制出版社编.-3版.-北京:中国法制出版社,2016 |
| 173页;21cm.-(法律法规案例注释版系列:第三版;6) |
| ISBN 978-7-5093-6819-0:CNY18.00 |
| 本书解析了中华人民共和国食品安全法法条,内容涉及食品安全风险监测和评估、食品安全标准、食品生产经营、食品检验、食品进出口、食品安全事故处置等。 |
| ● |
| 相关链接 |
|
|
|
|
正题名:中华人民共和国食品安全法
索取号:D922.165/1523=3
 
预约/预借
| 序号 | 登录号 | 条形码 | 馆藏地/架位号 | 状态 | 备注 |
| 1 | 0952684 | 209526841 | 第一样本阅览室/ [索取号:D922.165/1523=3] | 在馆 | |
| 2 | 0952685 | 209526850 | 第一借阅区/ [索取号:D922.165/1523=3] | 在馆 | |
| 3 | 0952686 | 209526869 | 第一借阅区/ [索取号:D922.165/1523=3] | 在馆 | |
| 4 | 0952687 | 209526878 | 第一借阅区/ [索取号:D922.165/1523=3] | 在馆 | |
| 5 | 0952688 | 209526887 | 第一借阅区/ [索取号:D922.165/1523=3] | 在馆 |